| 000 | 01394cam a2200361 a 4500 | ||
|---|---|---|---|
| 999 |
_c22274 _d22274 |
||
| 001 | 2507876 | ||
| 005 | 20170123162047.0 | ||
| 008 | 920831s1994 dcua c 001 0 eng d | ||
| 010 | _a 92082761 | ||
| 020 | _a1880193035 | ||
| 035 | _a(OCoLC)30096514 | ||
| 040 |
_aDSI _cDSI _dIU _dDLC |
||
| 042 | _alccopycat | ||
| 043 |
_an-us--- _ae-it--- _an-us-dc |
||
| 050 | 0 | 4 |
_aN6505 _b.G85 1994 |
| 245 | 0 | 2 | _aA Guide to archival sources for Italian-American art history in the Archives of American Art./ |
| 260 |
_aWashington, D.C. : _bArchives of American Art, Smithsonian Institution, _c[1994?] |
||
| 300 |
_axi, 73 p. : _bill. ; _c28 cm. |
||
| 500 | _aIncludes index. | ||
| 610 | 2 | 0 |
_aArchives of American Art _vCatalogs. |
| 650 | 0 |
_aArt, American _zItaly _xSources _vCatalogs. |
|
| 650 | 0 |
_aArtists _zUnited States _xBiography _xSources _vCatalogs. |
|
| 650 | 0 |
_aArt, Italian _zUnited States _xSources _vCatalogs. |
|
| 650 | 0 |
_aArtists _zItaly _xBiography _xSources _vCatalogs. |
|
| 710 | 2 | _aArchives of American Art. | |
| 942 |
_2lcc _cBOOKS _hN6505 .G85 1994 |
||